Evaluating the construction industry scheme (Record no. 111765)
[ view plain ]
| 000 -LEADER | |
|---|---|
| fixed length control field | 00881cad a22002055a 4500 |
| 001 - CONTROL NUMBER | |
| control field | E151968 |
| 008 - FIXED-LENGTH DATA ELEMENTS--GENERAL INFORMATION | |
| fixed length control field | 110117s2010 xxk f 000 0 eng d |
| 035 ## - SYSTEM CONTROL NUMBER | |
| System control number | (Sirsi) u151968 |
| 041 0# - LANGUAGE CODE | |
| Language code of text/sound track or separate title | eng |
| 110 2# - MAIN ENTRY--CORPORATE NAME | |
| Corporate name or jurisdiction name as entry element | United Kingdom |
| Subordinate unit | HM Revenue and Customs |
| 9 (RLIN) | 4833 |
| 245 00 - TITLE STATEMENT | |
| Title | Evaluating the construction industry scheme |
| Medium | [electronic resource] |
| 260 ## - PUBLICATION, DISTRIBUTION, ETC. | |
| Place of publication, distribution, etc. | [S.l.] |
| Name of publisher, distributor, etc. | HMRC |
| Date of publication, distribution, etc. | 2010 |
| 490 #0 - SERIES STATEMENT | |
| Series statement | HM Revenue and Customs Research Report |
| Volume/sequential designation | 106 |
| 520 ## - SUMMARY, ETC. | |
| Summary, etc. | Reports on whether the new CIS scheme is meeting its aims, in terms of making it easier for businesses to comply with their income tax obligations, and simplifying the administration of the scheme. |
| 590 ## - LOCAL NOTE (RLIN) | |
| Local note | KA |
| 651 #4 - SUBJECT ADDED ENTRY--GEOGRAPHIC NAME | |
| Geographic name | England and Wales |
| Chronological subdivision | 1543- |
| 690 ## - LOCAL SUBJECT ADDED ENTRY--TOPICAL TERM (OCLC, RLIN) | |
| Topical term or geographic name as entry element | Construction management |
| 9 (RLIN) | 6230 |
| 856 40 - ELECTRONIC LOCATION AND ACCESS | |
| Uniform Resource Identifier | <a href="https://www.hmrc.gov.uk/research/eval-cis.pdf">https://www.hmrc.gov.uk/research/eval-cis.pdf</a> |
| Public note | View the item free of charge (PDF file) at www.hmrc.gov.uk |
| 942 ## - ADDED ENTRY ELEMENTS (KOHA) | |
| Suppress in OPAC | 0 |
| Withdrawn status | Lost status | Source of classification or shelving scheme | Damaged status | Not for loan | Home library | Current library | Shelving location | Date acquired | Total Checkouts | Full call number | Barcode | Date last seen | Copy number | Price effective from | Koha item type |
|---|---|---|---|---|---|---|---|---|---|---|---|---|---|---|---|
| Dewey Decimal Classification | Virtual | Virtual | Online | 17/01/2011 | ONLINE PUBLICATION | 151968-2001 | 06/08/2019 | 1 | 06/08/2019 | Book |